| 000 | 00587nam a22001937a 4500 | ||
|---|---|---|---|
| 005 | 20240827112622.0 | ||
| 008 | 240827b |||||||| |||| 00| 0 eng d | ||
| 020 | _a9781266098796 | ||
| 040 | _cPK-LaUMT | ||
| 082 |
_a616.9014 _bLEV- |
||
| 245 |
_aLevinson's review of medical microbiology & immunology : _ba guide to clinical infectious diseases / _cby Peter Chin-Hong . . . [et al.] |
||
| 250 | _a18th ed. | ||
| 260 |
_aNew York : _bMcGraw-Hill, _c2024 |
||
| 300 | _a843 p. | ||
| 650 |
_aBacteriology _91764 |
||
| 650 |
_aVirology _91765 |
||
| 650 |
_aMycology _91766 |
||
| 942 | _cBK | ||
| 999 |
_c134877 _d134877 |
||